Campeões da Fórmula 1 por Foto - Statistics

Estatísticas Gerais
  • Esse quiz foi jogado 750 vezes
  • A pontuação média é 16 de 24
Estatísticas das Respostas
Imagem Resposta % Correto
Fernando Alonso
98%
Ayrton Senna
97%
Sebastian Vettel
97%
Lewis Hamilton
96%
Max Verstappen
96%
Michael Schumacher
95%
Alain Prost
89%
Nelson Piquet
86%
Nico Rosberg
78%
Niki Lauda
78%
Emerson Fittipaldi
70%
Juan Manuel Fangio
69%
Kimi Raikkonen
69%
Mika Hakkinen
61%
Nigel Mansell
60%
James Hunt
55%
Jacques Villleneuve
45%
Alberto Ascari
41%
Jackie Stewart
41%
Phil Hill
39%
Jim Clark
34%
Jack Brabham
29%
Mario Andretti
27%
Jochen Rindt
18%
Nenhum quiz correspondente encontrado
Distribuição das Pontuações
Porcentagem de Pessoas com Cada Pontuação
Percentil de Números Respondidos
Sua Pontuação Histórica
Você não jogou esse quiz